000
00299nam a22001337a 4500
008
171124b xxu||||| |||| 00| 0 eng d
020
_a
9780201569476
041
_a
eng
080
_2
5TH
_a
62
100
_a
27
101
_a
IM
245
_a
MECHANICAL MEASUREMENTS
_c
BECKWITH,TH,G
942
_2
udc
_c
BK
999
_c
38456
_d
38456